| 000 | 00652nam a2200193 i 4500 | ||
|---|---|---|---|
| 001 | 49648 | ||
| 003 | ES-MaACL | ||
| 005 | 20230906162033.0 | ||
| 007 | t| | ||
| 008 | 030721s1919 sp ||||1| spa d | ||
| 100 | 1 |
_aCotarelo Valledor, Armando, _d1879-1950 _941167 |
|
| 245 | 1 | 0 |
_aMemorias de un escolar de antaño, 1808-1809 / _cArmando Cotarelo Valledor. |
| 260 |
_aMadrid : _b[s.n.], _c1919 ( _eSantiago : _fEl eco franciscano) |
||
| 300 |
_a244 p. ; _c19 cm. |
||
| 505 | 8 | _aContiene: Palladis Tyrones : Narración histórica | |
| 740 | 0 | _aPalladis tyrones : narración histórica. | |
| 852 |
_aES-MaACL _jF-10298 |
||
| 999 |
_c49648 _d49648 |
||